MLB Retired Numbers - Statistics

General Stats
  • This quiz has been taken 547 times
  • The average score is 14 of 30
Answer Stats
Hint Answer % Correct
3 Yankees Babe Ruth
84%
7 Yankees Mickey Mantle
79%
4 Orioles Brooks Robinson
70%
4 Yankees Lou Gehrig
69%
5 Royals George Brett
67%
9 Red Sox Ted Williams
67%
6 Cardinals Stan Musial
66%
5 Yankees Joe DiMaggio
65%
8 Orioles Cal Ripken
64%
8 Yankees Yogi Berra
64%
14 Cubs Ernie Banks
62%
5 Reds Johnny Bench
61%
8 Pirates Willie Stargell
50%
6 Tigers Al Kaline
47%
1 Dodgers Pee Wee Reese
45%
8 Red Sox Carl Yastrzemski
44%
3 Twins Harmon Killebrew
44%
1 Cardinals Ozzie Smith
43%
10 Expos Andre Dawson
38%
10 Cubs Ron Santo
34%
4 Dodgers Duke Snider
32%
4 Giants Mel Ott
27%
2 White Sox Nellie Fox
23%
1 Phillies Richie Ashburn
20%
2 Dodgers Tommy Lasorda
20%
9 Pirates Bill Mazeroski
19%
10 Yankees Phil Rizzuto
19%
11 White Sox Luis Aparicio
16%
10 Reds Sparky Anderson
13%
11 Giants Carl Hubbell
8%
No matching quizzes found
Score Distribution
Percent of People with Each Score
Percentile by Number Answered
Your Score History
You have not taken this quiz